000 00622nam a22002417a 4500
003 UA-OsUOA
001 60107
007 ta
008 20090506b un ||||| |||| 00| 0 ukr d
100 _aЦілий Василь
090 _a821.161.2-1
_bЦ60
942 _cBK
040 _aUA-OsUOA
_bukr
_cUA-OsUOA
_dUA-OsUOA
245 _aОстаннє яблуко
300 _a144 с.
955 _a3
041 _aukr
080 _a821.161.2-1
020 _a978-966-2133-0
260 _aК.
_bПросвіта
_c2007
650 7 _a82 Література. Літературознавство
_2UDC
999 _c346263
_d346263